Estado y política en América Latina /

Furkejuvvon:
Bibliográfalaš dieđut
Váldodahkki: Loyola Díaz, Rafael
Materiálatiipa: Texto
Fáddágilkorat: Lasit fáddágilkoriid
Eai fáddágilkorat, Lasit vuosttaš fáddágilkora!

MARC

LEADER 00000 a a2200000 04500
001 47512
003
040
100 |a Loyola Díaz, Rafael  
245 |a Estado y política en América Latina /  |c Rafael Loyola Díaz  
773 |g número6, (1995), páginas 17-20  
999 |c 32223  |d 32223